00926cam a2200253 a 450000100100000000500170001000800410002701000130006802000150008104000230009608200180011910000420013724500560017926000570023530000200029244000390031244000790035150000120043065000290044265000310047191000340050295201210053699900150065700000511720200929151602.0780530s1976 sp 000 0 spa  a78364028 a8400035631 aDO-SdBNPcDLCdDLC a861.44bL869n1 aLorenzo de Blancas, Benedicto.91466410aNorte de esperanza /cBenedicto Lorenzo de Blancas. aZaragoza :bInstitucion Fernando el Catolico,c1976. a55 p. ;c25 cm. 0aColección San Jorge ;v13914665 0aPublicación de la Institución Fernando el Católico ;vno. 630914666 aPoemas. 4aPoesía española9631 4aLiteratura española9632 aCatalogación por copia / LC 001052708MOaGRbGRcCTd2009-07-29iLF1l0o861.44 L869np5117-10r2020-06-25w2020-06-25y2ZPréstamo interno c4920d4920